Gaming Quiz

Random Gaming or Nintendo Quiz

Weapons in GoldenEye (007) Quiz Stats

 Plays Quiz Updated Dec 11, 2014

Support Sporcle.
Go Orange.
Score 0/31 Timer 08:00
0 Plays Today
% Correct
Golden Gun
75.5%
Hand Grenade
67.5%
PP7
67.5%
Rocket Launcher
65.2%
Proximity Mine
59.5%
Moonraker Laser
55.1%
Grenade Launcher
53.2%
Sniper Rifle
51.7%
Klobb
51.2%
Remote Mine
51%
Timed Mine
50.2%
RC-P90
43.2%
Cougar Magnum
42.4%
Throwing Knife
41.4%
Shotgun
39.5%
Silenced PP7
38.4%
% Correct
AR33 Assault Rifle
36.9%
KF7 Soviet
34.6%
Gold PP7
29.4%
Tank
28.7%
Silver PP7
27.4%
Hunting Knife
26.4%
DD44 Dostovei
26.1%
Watch Laser
25.8%
Phantom
23.1%
Automatic Shotgun
22.7%
Silenced D5K
17.6%
D5K Deutsche
16.6%
Taser
16.2%
ZMG 9mm
15.8%
Detonator
14.4%

You're not logged in!

Compare scores with friends on all Sporcle quizzes.
OR
Log In

From the Vault

'F' American History Figures

by william2

Founding fathers would favor this quiz.
Remove Ads.
Support Sporcle.
Get the best of Sporcle when you Go Orange. This ad-free experience offers more features, more stats, and more fun while also helping to support Sporcle. Thank you for becoming a member.

Show Comments

Extras

Top Quizzes Today


Score Distribution

Your Account Isn't Verified!

In order to create a playlist on Sporcle, you need to verify the email address you used during registration. Go to your Sporcle Settings to finish the process.

Report this User

Report this user for behavior that violates our Community Guidelines.

Details: